Cyclisme : Les vainqueurs de Milan-Sanremo (1907-2023) - Statistiques

Statistiques générales
  • Ce quiz a été pris 235 fois
  • Le résultat moyen est 34 sur 114
Statistiques - réponses
Années Vainqueurs % Correct
2023 Mathieu van der Poel
95%
2020 Wout van Aert
86%
2019 Julian Alaphilippe
83%
1966 | 1967 | 1969 | +4 others Eddy Merckx
79%
2016 Arnaud Démare
71%
2018 Vincenzo Nibali
70%
2022 Matej Mohorič
66%
1946 | 1948 | 1949 Fausto Coppi
60%
2017 Michał Kwiatkowski
58%
2009 Mark Cavendish
57%
1995 Laurent Jalabert
55%
1939 | 1940 | 1947 | 1950 Gino Bartali
54%
1961 Raymond Poulidor
54%
2021 Jasper Stuyven
51%
2008 Fabian Cancellara
49%
1988 | 1989 Laurent Fignon
47%
1997 | 1998 | 2000 | 2001 Erik Zabel
46%
1951 Louison Bobet
46%
2004 | 2007 | 2010 Oscar Freire
46%
1974 Felice Gimondi
44%
2002 Mario Cipollini
40%
2015 John Degenkolb
39%
2003 Paolo Bettini
39%
1986 | 1992 Sean Kelly
38%
1984 Francesco Moser
36%
1958 Rik Van Looy
35%
1973 | 1978 | 1979 Roger De Vlaeminck
35%
2014 Alexander Kristoff
34%
1929 | 1931 Alfredo Binda
32%
2005 Alessandro Petacchi
29%
1990 Gianni Bugno
26%
1954 Rik Van Steenbergen
24%
1918 | 1921 | 1923 | +3 others Costante Girardengo
22%
1983 Giuseppe Saronni
22%
1907 Lucien Petit-Breton
22%
2012 Simon Gerrans
22%
2013 Gerald Ciolek
21%
1993 Maurizio Fondriest
21%
1999 Andreï Tchmil
20%
1977 Jan Raas
20%
2011 Matthew Goss
20%
1912 Henri Pélissier
19%
1985 Hennie Kuiper
18%
1991 Claudio Chiappucci
17%
1982 Marc Gomez
17%
1968 Rudi Altig
16%
2006 Filippo Pozzato
15%
1964 Tom Simpson
14%
1933 Learco Guerra
13%
1957 | 1959 Miguel Poblet
13%
1996 Gabriele Colombo
11%
1994 Giorgio Furlan
11%
1909 Luigi Ganna
11%
1910 Eugène Christophe
9%
1911 Gustave Garrigou
7%
1917 | 1920 Gaetano Belloni
6%
1987 Erich Maechler
5%
1956 Fred De Bruyne
5%
1970 Michele Dancelli
5%
1965 Arie den Hartog
4%
1981 Fons De Wolf
4%
1955 Germain Derijcke
4%
1952 | 1953 Loretto Petrucci
4%
1913 Odiel Defraeye
4%
1960 René Privat
4%
1932 Alfredo Bovet
3%
1943 Cino Cinelli
3%
1962 Émile Daems
3%
1935 | 1938 Giuseppe Olmo
3%
1963 Joseph Groussard
3%
1919 Angelo Gremo
2%
1908 Cyrille Van Hauwaert
2%
1915 Ezio Corlaita
2%
1934 Jef Demuysere
2%
1930 Michele Mara
2%
1980 Pierino Gavazzi
2%
1914 Ugo Agostoni
2%
1942 Adolfo Leoni
1%
1936 Angelo Varetto
1%
1937 Cesare Del Cancia
1%
1922 Giovanni Brunero
1%
1941 Pierino Favalli
1%
1927 Pietro Chesi
1%
1924 Pietro Linari
1%
Aucun quiz correspondant
Distribution des résultats
% des personnes avec chaque résultat
Percentile par nombre de réponses
Votre historique - résultats
Vous n’avez pas pris ce quiz